000 00832cam a2200241 i 4500
005 20260205133246.0
008 750707s1976 nyu b 001 0 eng
020 _a0465015263
020 _a0465097278
040 _aKABLI
_beng
_cKABLIB
_erda
082 0 0 _a309.1
_223
_bBEL
100 1 _aBell, Daniel,
_d1919-2011.
_915342
245 1 4 _aThe cultural contradictions of capitalism /
_cDaniel Bell.
260 _aNew York :
_bBasic Books,
_cc1976.
300 _axvi, 301 p. ;
_c25 cm.
504 _aIncludes bibliographical references, index.
650 0 _aTechnology and civilization.
_915343
650 0 _aCapitalism.
651 0 _aUnited States
_xCivilization
_y1945-
_915344
651 0 _aUnited States
_xSocial conditions
_y1945-
_915345
710 2 _aRalph Ellison Collection (Library of Congress)
_5DLC
_915346
942 _2ddc
_cBOOK
999 _c6057
_d6057